Normale Ansicht MARC-Ansicht

Eintrag Personenname

Verwendet in 1 Titel(n)

001 - Kontrollnummer

  • Kontrollfeld: 67747

003 - Kontrollnummer Identifier

  • Kontrollfeld:

005 - Datum und Zeit der letzten Transaktion

  • Kontrollfeld: 20251127122742.0

008 - Datenelemente mit fester Länge

  • Kontrollfeld mit fester Länge: 251127|| aca||aabn | a|a d

040 ## - Katalogisierungsquelle

  • Original-Katalogisierungsstelle:
  • Übertragungsstelle:

100 ## - Ansetzung - Personenname

  • Personenname: Žade, Džemre Ėrdžijes
  • Datumsangaben in Verbindung mit einem Namen: ca. 20./21. Jh

670 ## - Datenquelle

  • Quellenangabe: Work cat.: ()73258: 880-01 Žade, Džemre Ėrdžijes ca. 20./21. Jh. Verfasser (DE-588)1336754826 aut, Adygo-abchazskaja diaspora i repatriacija iz Turcii v Abchaziju i Adygeju